| 000 -LEADER |
| fixed length control field |
00985cam a2200265Ia 4500 |
| 040 ## - CATALOGING SOURCE |
| Transcribing agency |
EXC |
| 082 ## - DEWEY DECIMAL CLASSIFICATION NUMBER |
| Classification number |
808 GLE 1996 A112 Or. |
| 100 1# - MAIN ENTRY--AUTHOR NAME |
| Personal name |
Royster, Jacqueline Jones |
| 245 10 - TITLE STATEMENT |
| Title |
Writer's choice : |
| Remainder of title |
composition and grammar / |
| 246 14 - VARYING FORM OF TITLE |
| Title proper/short title |
Writer's choice, grammar and composition |
| 250 ## - EDITION STATEMENT |
| Edition statement |
Teacher's wraparound ed |
| 260 ## - PUBLICATION, DISTRIBUTION, ETC. (IMPRINT) |
| Place of publication |
New York : |
| Name of publisher |
Glenco/McGraw-Hill, |
| Year of publication |
c1996 |
| 300 ## - PHYSICAL DESCRIPTION |
| Number of Pages |
7 v. : |
| Other physical details |
ill. ; |
| Dimensions |
29 cm. + |
| Accompanying material |
1 Teacher's resource pkg. (grade 6), 1 Teacher's resource pkg. (grade 6-8), 1 grammar workbook-Teacher's edition |
| 500 ## - GENERAL NOTE |
| General note |
Includes indexes |
| 500 ## - GENERAL NOTE |
| General note |
Title on title page for vols. 9-10: Writer's choice, grammar and composition |
| 500 ## - GENERAL NOTE |
| General note |
Consulting author for composition, vols. 9-12: William Strong |
| 500 ## - GENERAL NOTE |
| General note |
K-12 textbooks |
| 650 #0 - SUBJECT ADDED ENTRY--TOPICAL TERM |
| Topical Term |
Composition (Language arts) |
| 650 #0 - SUBJECT ADDED ENTRY--TOPICAL TERM |
| Topical Term |
English language |
| 650 #0 - SUBJECT ADDED ENTRY--TOPICAL TERM |
| Topical Term |
English language |
| 700 1# - ADDED ENTRY--PERSONAL NAME |
| Personal name |
Lester, Mark |
| 700 1# - ADDED ENTRY--PERSONAL NAME |
| Personal name |
Strong, William, |
| 710 2# - ADDED ENTRY--CORPORATE NAME |
| Corporate name or jurisdiction name as entry element |
Glencoe/McGraw-Hill |
| 942 ## - ADDED ENTRY ELEMENTS (KOHA) |
| Koha item type |
សៀវភៅភាសាអង់គ្លេស |
| 952 ## - LOCATION AND ITEM INFORMATION (KOHA) |
| Withdrawn status [LOCAL, KOHA] |
0 |